Normal view MARC view

Entry Personal Name

Number of records used in: 1

001 - CONTROL NUMBER

  • control field: 246830

003 - CONTROL NUMBER IDENTIFIER

  • control field: OSt

005 - DATE AND TIME OF LATEST TRANSACTION

  • control field: 20251126102652.0

008 - FIXED-LENGTH DATA ELEMENTS

  • fixed length control field: 251126|| aca||aabn | a|a d

040 ## - CATALOGING SOURCE

  • Original cataloging agency: OSt
  • Transcribing agency: OSt

100 ## - HEADING--PERSONAL NAME

  • Personal name: SHRIDHARA HEGADE
  • Dates associated with a name: ಶ್ರೀಧರ ಹೆಗಡೆ

670 ## - SOURCE DATA FOUND

  • Source citation: Work cat.: (OSt)215435: SHRIDHARA HEGADE ಶ್ರೀಧರ ಹೆಗಡೆ, Sheni Gopalakrashna Bhatta, 2011